Middle East patterns : (Record no. 4125)

000 -LEADER
fixed length control field nam a22 a 4500
003 - CONTROL NUMBER IDENTIFIER
control field AKMAL
005 - DATE AND TIME OF LATEST TRANSACTION
control field 20170525112630.0
008 - FIXED-LENGTH DATA ELEMENTS--GENERAL INFORMATION
fixed length control field 170525s1989 xxu 00 eng d
020 ## - INTERNATIONAL STANDARD BOOK NUMBER
International Standard Book Number 0813382203:
Terms of availability USD 66.50
020 ## - INTERNATIONAL STANDARD BOOK NUMBER
International Standard Book Number 0813300177
040 ## - CATALOGING SOURCE
Original cataloging agency AKMAL
Transcribing agency AKMAL
043 ## - GEOGRAPHIC AREA CODE
Geographic area code aw-----
082 04 - DEWEY DECIMAL CLASSIFICATION NUMBER
Classification number 915.6 HEL
090 ## - LOCALLY ASSIGNED LC-TYPE CALL NUMBER (OCLC); LOCAL CALL NUMBER (RLIN)
Classification number (OCLC) (R) ; Classification number, CALL (RLIN) (NR) 915.6
Local cutter number (OCLC) ; Book number/undivided call number, CALL (RLIN) HEL d
100 1# - MAIN ENTRY--PERSONAL NAME
Personal name Held, Colbert C.
9 (RLIN) 8085
245 10 - TITLE STATEMENT
Title Middle East patterns :
Remainder of title places, peoples, and politics /
Statement of responsibility, etc. Colbert C. Held, with the assistance of Mildred McDonald Held
260 ## - PUBLICATION, DISTRIBUTION, ETC.
Place of publication, distribution, etc. Boulder, CO :
Name of publisher, distributor, etc. Westview Press,
Date of publication, distribution, etc. 1989
300 ## - PHYSICAL DESCRIPTION
Extent xix, 484p. :
Other physical details ill., maps ;
Dimensions 26cm
500 ## - GENERAL NOTE
General note Includes index
504 ## - BIBLIOGRAPHY, ETC. NOTE
Bibliography, etc. note Bibliography: p.439-452
651 ## - SUBJECT ADDED ENTRY--GEOGRAPHIC NAME
Geographic name Middle East
General subdivision Geography
9 (RLIN) 8086
700 1# - ADDED ENTRY--PERSONAL NAME
Personal name Held, Mildred M.
9 (RLIN) 8087
942 ## - ADDED ENTRY ELEMENTS (KOHA)
Source of classification or shelving scheme
Koha item type Book
Holdings
Withdrawn status Lost status Source of classification or shelving scheme Damaged status Not for loan Collection code Home library Current library Date acquired Inventory number Total Checkouts Full call number Barcode Date last seen Price effective from Koha item type
          NON-FICTION AKMAL Melaka AKMAL Melaka 25.05.2017 900322   915.6 HEL 201705339 25.05.2017 25.05.2017 Book
Pusat Sumber Maklumat Dato' Haji Sarmin Md Hussin, Akademi Kastam Diraja Malaysia, Melaka
Tel: 06-2331106 | Faks: 06-2313787